书目信息 |
| 题名: |
公孙龙子长笺
|
|
| 作者: | 栾星 | |
| 分册: | ||
| 出版信息: | 郑州 中州书画社 1982 |
|
| 页数: | 164页 | |
| 开本: | 20cm | |
| 丛书名: | ||
| 单 册: | ||
| 中图分类: | B225.4 | |
| 科图分类: | ||
| 主题词: | 先秦哲学 | |
| 电子资源: | ||
| ISBN: | ||
| 000 | 00474nam0 2200181 450 | |
| 001 | 0728815141 | |
| 005 | 20070819080015.14 | |
| 010 | @d¥0.62 | |
| 100 | @a20070819d km y0chiy0120 ea | |
| 101 | 0 | @achi |
| 200 | 1 | @a公孙龙子长笺@Agong sun long zi chang jian@f栾星@Fluan xing |
| 210 | @a郑州@c中州书画社@d1982 | |
| 215 | @a164页@d20cm | |
| 606 | 0 | @a先秦哲学 |
| 690 | @aB225.4@v3 | |
| 701 | 0 | @a栾星@Aluan xing |
| 801 | 0 | @aCN@bPFT@c20070819 |
| 905 | @a213230@dB225.4@eZW82@f1 | |
| 公孙龙子长笺/栾星.-郑州:中州书画社,1982 |
| 164页;20cm |
| ISBN :¥0.62 |
| ● |
| 相关链接 |
|
|
|
|
正题名:公孙龙子长笺
索取号:B225.4/ZW82
 
预约/预借
| 序号 | 登录号 | 条形码 | 馆藏地/架位号 | 状态 | 备注 |
| 1 | 7600169 | 276001693 | 密集书库-文学院/ [索取号:B225.4/ZW82] | 在馆 |